Geografía e historia globales : una respuesta al problema de los contenidos del noveno año del tercer ciclo de la Educación General Básica /
Gespeichert in:
| 1. Verfasser: | |
|---|---|
| Weitere Verfasser: | |
| Format: | Buch |
| Sprache: | Spanish |
| Veröffentlicht: |
San José, Costa Rica :
IIMEC,
1982
|
| Schlagworte: | |
| Tags: |
Tag hinzufügen
Keine Tags, Fügen Sie den ersten Tag hinzu!
|
MARC
| LEADER | 00000nam a2200000Ia 4500 | ||
|---|---|---|---|
| 008 | 180419b1982 cr ||||| |||| 00| | spa d | ||
| 999 | |c 1746 |d 1746 | ||
| 090 | |a 06.03.06 |b 112 | ||
| 100 | 1 | |a Polanco R., María Eugenia |9 3582 | |
| 245 | 1 | 0 | |a Geografía e historia globales : una respuesta al problema de los contenidos del noveno año del tercer ciclo de la Educación General Básica / |c María Eugenia Polanco R., Juan Manuel Esquivel Alfaro |
| 260 | |a San José, Costa Rica : |b IIMEC, |c 1982 | ||
| 300 | |a 28 páginas | ||
| 500 | |a Informe de la Investigación | ||
| 650 | 1 | 4 | |a EDUCACIÓN SECUNDARIA |9 456 |
| 650 | 1 | 4 | |a GEOGRAFÍA |9 1984 |
| 650 | 1 | 4 | |a HISTORIA |9 22 |
| 650 | 1 | 4 | |a PROGRAMAS DE ENSEÑANZA |9 818 |
| 700 | 1 | |a Esquivel Alfaro, Juan Manuel |9 157 | |
| 942 | |i 00269 |h 06.03.06 112 |2 z |c 04 | ||
